000 00509cam a2200145 4500
008 090324n 000 0 eng u
020 _a1564969789
035 _a(Sirsi) a164537
050 _aPN 4783 BES 2003
110 _aSociety for News Design
245 _aThe best of newspaper design 24:
_bthe 2002 society for news design annual competition/
_cSociety for News Design Annual Competion
260 _aNorth Kingstone:
_bSociety for News Design,
_c2003.
300 _a272p.
650 _aNewspaper style
999 _c112924
_d112924